000 00263nam a22001217a 4500
999 _c168320
_d168320
082 _a
_b
245 _aPost colonial literary studies/
_cby Neil Lzarus (ed.).
260 _a
_bCambridge,
_c2004.
300 _a304p.
600 _a
650 _a
942 _cBK